000 00387 a2200169 4500
001 191784
020 _a978-85-8193-314-6
040 _cMagnum
100 _aManuel Fihlo
240 1 0 _aVinte mil léguas submarinas
_lpor
245 1 0 _aVinte mil léguas submarinas
300 _a32
362 0 _a2016
440 1 _aFolha de São Paulo
697 _aLITERATURA INFANTO
942 _cBK
999 _c191784
_d191784